000 00482nam a2200157 a 4500
001 000038192
005 20201002031209.0
008 130321s2000 ve 000 0 spa d
020 _a9806412850
040 _aDO-SdBNP
_bspa
_cBNPHU
100 1 _aLedezma, Mriam
_964558
245 1 0 _aNuevo manual de urbanidad de CarreƱo /
_cMiriam Ledezma, Calos Zavarce.
260 _aCaracas :
_bActualidad Escolar,
_c2000.
300 _a143 p. :
_bil. ;
_c27 cm.
700 1 _aZavarce, Carlos
_964559
999 _c37682
_d37682